عرض عادي
عرض مارك
- Anticipation (Psychology)
دخول Topical Term
001 - CONTROL NUMBER
- control field: 25348
003 - CONTROL NUMBER IDENTIFIER
- control field: AE-AdECS
005 - DATE AND TIME OF LATEST TRANSACTION
- control field: 20260120103644.0
008 - FIXED-LENGTH DATA ELEMENTS
- fixed length control field: 260120|| aca||aabn | a|a d
040 ## - CATALOGING SOURCE
- Original cataloging agency: AE-AdECS
- Transcribing agency: AE-AdECS
150 ## - HEADING--TOPICAL TERM
- Topical term or geographic name entry element: Anticipation (Psychology)
- General subdivision: Social aspects
- Geographic subdivision: Arctic regions
670 ## - SOURCE DATA FOUND
- Source citation: Work cat.: (AE-AdECS)293799: Magnani, Natalia, author. 25344, Arctic Silk Roads :
